Statistics for Drivers Who Have Raced the Indy 500 and Brickyard 400

Click here to take the quiz!

General Stats

  • This quiz has been taken 44 times
    (22 since last reset)
  • The average score is 9 of 19

Answer Stats

Drivers% Correct
Juan Pablo Montoya
88%
Kurt Busch
88%
John Andretti
75%
Robby Gordon
75%
Tony Stewart
75%
A.J. Allmendinger
63%
A.J. Foyt
63%
Larry Foyt
63%
Sam Hornish, Jr.
63%
Jimmie Johnson
50%
Danica Patrick
38%
Danny Sullivan
38%
Jacques Villeneuve
25%
Jason Leffler
25%
Patrick Carpentier
25%
Geoff Brabham
13%
Max Papis
13%
Scott Pruett
13%
J.J. Yeley
0%

Score Distribution

Percentile by Number Answered

Percent of People with Each Score

Your Score History

You have not taken this quiz since the last reset